<?xml version="1.0" encoding="UTF-8"?>
<record
    xmlns:xsi="http://www.w3.org/2001/XMLSchema-instance"
    xsi:schemaLocation="http://www.loc.gov/MARC21/slim http://www.loc.gov/standards/marcxml/schema/MARC21slim.xsd"
    xmlns="http://www.loc.gov/MARC21/slim">

  <leader>01141nmm a2200253 a 4500</leader>
  <datafield tag="999" ind1=" " ind2=" ">
    <subfield code="c">7623</subfield>
    <subfield code="d">7623</subfield>
  </datafield>
  <controlfield tag="003">OSt</controlfield>
  <controlfield tag="005">20211228104657.0</controlfield>
  <controlfield tag="008">200425s2004    sp   d     d  1|| c|spa</controlfield>
  <datafield tag="017" ind1=" " ind2=" ">
    <subfield code="a">D.L. C. 875-2006</subfield>
  </datafield>
  <datafield tag="020" ind1=" " ind2=" ">
    <subfield code="a">8497506200</subfield>
  </datafield>
  <datafield tag="040" ind1=" " ind2=" ">
    <subfield code="a">UMA.CIN. </subfield>
    <subfield code="d">BUS</subfield>
    <subfield code="b">cat</subfield>
    <subfield code="c">CDMR</subfield>
  </datafield>
  <datafield tag="080" ind1=" " ind2=" ">
    <subfield code="a">070:004(063)</subfield>
  </datafield>
  <datafield tag="080" ind1=" " ind2=" ">
    <subfield code="a">070.489</subfield>
  </datafield>
  <datafield tag="080" ind1=" " ind2=" ">
    <subfield code="a">004:070(063)</subfield>
  </datafield>
  <datafield tag="111" ind1=" " ind2=" ">
    <subfield code="a">Congreso Internacional Lusocom</subfield>
    <subfield code="d">(1r : 2006 </subfield>
    <subfield code="c">: Santiago de Compostel&#xB7;la)</subfield>
    <subfield code="9">4814</subfield>
  </datafield>
  <datafield tag="245" ind1="1" ind2="0">
    <subfield code="a">Comunicaci&#xF3;n local:</subfield>
    <subfield code="h">[Recurs electr&#xF2;nic]: </subfield>
    <subfield code="b">da pesquisa &#xE1; produci&#xF3;n : actas do Congreso Internacional Lusocom 2006, Santiago de Compostela, 21 e 22 de abril de 2006 / </subfield>
    <subfield code="c">edici&#xF3;n a cargo de Margarita Ledo Andi&#xF3;n ; coa colaboraci&#xF3;n de Silvia Canabal Rozados e Marta P&#xE9;rez Pereiro</subfield>
  </datafield>
  <datafield tag="260" ind1=" " ind2=" ">
    <subfield code="a">Santiago de Compostela : </subfield>
    <subfield code="b">Universidade, Servizo de Publicaci&#xF3;ns e Intercambio Cient&#xED;fico, </subfield>
    <subfield code="c">2006</subfield>
  </datafield>
  <datafield tag="300" ind1=" " ind2=" ">
    <subfield code="a">1 disc &#xF2;ptic (CD-ROM); </subfield>
    <subfield code="c">12 cm</subfield>
  </datafield>
  <datafield tag="490" ind1="0" ind2=" ">
    <subfield code="a">Cursos e Congresos ; </subfield>
    <subfield code="v">168</subfield>
  </datafield>
  <datafield tag="650" ind1="0" ind2="0">
    <subfield code="a">Mitjans de comunicaci&#xF3; de massa locals</subfield>
    <subfield code="9">2803</subfield>
    <subfield code="x">Congressos</subfield>
  </datafield>
  <datafield tag="700" ind1="1" ind2=" ">
    <subfield code="a">Ledo Andion, Margarita</subfield>
    <subfield code="9">120</subfield>
  </datafield>
  <datafield tag="710" ind1="2" ind2=" ">
    <subfield code="a">Universidade de Santiago de Compostela</subfield>
    <subfield code="9">3681</subfield>
  </datafield>
  <datafield tag="942" ind1=" " ind2=" ">
    <subfield code="2">udc</subfield>
    <subfield code="c">ADV</subfield>
  </datafield>
  <datafield tag="952" ind1=" " ind2=" ">
    <subfield code="0">0</subfield>
    <subfield code="1">0</subfield>
    <subfield code="4">0</subfield>
    <subfield code="7">0</subfield>
    <subfield code="a">CDMR</subfield>
    <subfield code="b">CDMR</subfield>
    <subfield code="d">2021-12-28</subfield>
    <subfield code="e">Donaci&#xF3;</subfield>
    <subfield code="l">0</subfield>
    <subfield code="o">Capsa CD's 10</subfield>
    <subfield code="p">CDMR21120154</subfield>
    <subfield code="r">2021-12-28</subfield>
    <subfield code="w">2021-12-28</subfield>
    <subfield code="y">ADV</subfield>
  </datafield>
</record>
